Fr. Conceicao Rodrigues College of Engineering

Communication Skills (Record no. 21726)

MARC details
000 -LEADER
fixed length control field 00345nam a2200157Ia 4500
082 ## - DEWEY DECIMAL CLASSIFICATION NUMBER
Classification number 302.2-076
Item number GAJ
100 ## - MAIN ENTRY--PERSONAL NAME
Personal name Gajjar/Dhiren
245 ## - TITLE STATEMENT
Title Communication Skills
260 ## - PUBLICATION, DISTRIBUTION, ETC.
Name of publisher, distributor, etc. Students book depot
Place of publication, distribution, etc. Mumbai
300 ## - PHYSICAL DESCRIPTION
Extent 140
546 ## - LANGUAGE NOTE
Language note ENGLISH
650 ## - SUBJECT ADDED ENTRY--TOPICAL TERM
Topical term or geographic name entry element Automobiles
654 ## - SUBJECT ADDED ENTRY--FACETED TOPICAL TERMS
Focus term Communication skills
942 ## - ADDED ENTRY ELEMENTS (KOHA)
Koha item type BOOK
Holdings
Withdrawn status Lost status Damaged status Not for loan Collection Home library Current library Date acquired Total Checkouts Full call number Barcode Date last seen Price effective from Koha item type
        CRC Fr. Agnel's C.Rodrigues College of Engineering Fr. Agnel's C.Rodrigues College of Engineering 17/03/2023   302.2-076 GAJ 10649 17/03/2023 17/03/2023 BOOK